000 00227nam a22000857a 4500
008 160915b xxu||||| |||| 00| 0 eng d
100 _9541
_aGoyal.A.etal
245 _aScience-Practical 10
260 _aNew Delhi
_bAI. Publications
_c2011
999 _c3198
_d3198